Diario de un joven norteamericano detenido en Chile durante el período revolucionario de 1817 a 1819. Traducido del inglés por J. T. Medina
Guardat en:
| Autor principal: | |
|---|---|
| Altres autors: | |
| Format: | Llibre |
| Idioma: | espanyol |
| Publicat: |
Santiago
Imprenta Elzeviriana
1898
|
| Edició: | 1a. ed |
| Matèries: | |
| Etiquetes: |
Afegir etiqueta
Sense etiquetes, Sigues el primer a etiquetar aquest registre!
|
MARC
| LEADER | 00000nam a2200000 a 4500 | ||
|---|---|---|---|
| 001 | UCJ3464 | ||
| 003 | CL-VaPUC | ||
| 005 | 20250227100112.0 | ||
| 008 | 070124e18980000CL |||||||||||||||||spa|d | ||
| 999 | |c 319586 |d 319584 | ||
| 040 | |c Pontificia Universidad Católica de Valparaíso | ||
| 082 | 0 | 4 | |a 983 |b MED |2 21 |
| 100 | 1 | |a Coffin, John Francis |e autor |9 864572 | |
| 245 | 1 | 0 | |a Diario de un joven norteamericano detenido en Chile durante el período revolucionario de 1817 a 1819. Traducido del inglés por J. T. Medina |
| 250 | |a 1a. ed | ||
| 260 | |a Santiago |b Imprenta Elzeviriana |c 1898 | ||
| 300 | |a 240 p | ||
| 500 | |a 8§.- Anteport.: Diario de un norte americano.- v. en bl.- Port.- v. en bl.- Chiappa-Feliú Cruz, n§ 92 | ||
| 583 | |a last modification |c 20070124 00:00:00 |k Rodrigo Vera | ||
| 650 | 0 | |a Viajes |9 257115 | |
| 650 | 0 | |a Guerra de la independencia |9 331979 | |
| 650 | 7 | |a NORTEAMERICANOS |2 CL-VaPUC |9 504368 | |
| 650 | 7 | |a MEMORIAS |2 CL-VaPUC |9 269159 | |
| 651 | 7 | |a CHILE |2 CL-VaPUC |9 505318 | |
| 700 | |a Medina, José Toribio |e traductor |9 864573 | ||
| 942 | |c BK |2 ddc | ||
| 945 | |d 20070124 00:00:00 |a rinostro | ||
| 952 | |0 0 |1 0 |4 0 |6 983_000000000000000_MED_1898 |7 0 |8 X |9 397936 |a FDOBUD |b FDOBUD |d 2019-11-22 |i 1003860 |o 983 MED 1898 |p 1003860 |r 2019-11-22 |w 2019-11-22 |y BK_X |k BUD | ||